00849cam a22002297a 4500003000500000005001700005008004100022010001000063011001000073035001000083040000900093100002600102245014800128260004100276300003200317502013000349650002300479650003100502650002800533650002300561700003500584CHAP20220329142736.0030411d2003 mx r 00110 spa d a87124 a88096 a98641 cCHAP00aDíaz José, Julio.10aAnálisis de la situación actual del mercado nacional e internacional de la manzanac/por Julio Díaz José y Emeterio Armando Mejia Ordaz aChapingo, Méx. :bEl autor,c2003. a80 h. :bgráfs. ; cuadros aTesis (Lic. en Comercio Internacional de Productos Agropecuarios) -- UACH. División de Ciencias Económico Administrativas14aComercio exterior.14aFrutaxMercadeoxMéxico.14aManzanaxExportación.14aManzanaxMercadeo.00aMejia Ordaz, Emeterio Armando.